| 000 | 00535nam a22001937a 4500 | ||
|---|---|---|---|
| 003 | OSt | ||
| 005 | 20140310182218.0 | ||
| 008 | 130909t xxu||||| |||| 00| 0 eng d | ||
| 020 | _a0933043031 | ||
| 050 |
_aF 832 _b.Sa176 1991 |
||
| 082 |
_aHS 979.2074 _bSa3 1991 |
||
| 245 | _aSalt lake city / | ||
| 260 |
_aSalt Lake City, Utah : _bGreat Mountain West Supply, _cc1991. |
||
| 300 |
_bill. col. ; _c27 cm. |
||
| 650 |
_aUtah _xCities and towns _917188 |
||
| 650 |
_aSalt Lake City (Utah) _917189 |
||
| 942 |
_2lcc _cHS |
||
| 999 |
_c10662 _d10662 |
||